[Event "WC-2022-S-00006"]
[Site "LSS email"]
[Date "2022.06.21"]
[Round "?"]
[White "Bendig, Frank"]
[Black "Kolanek, Sylwia"]
[Result "1/2-1/2"]
[WhiteElo "2108"]
[BlackElo "2098"]
[PlyCount "42"]
[EventDate "2022.06.21"]
[EventType "tourn (corr)"]
[EventRounds "12"]
[EventCountry "GER"]
[SourceTitle "Corr 2024"]
[Source "ChessBase"]
[SourceDate "2023.10.19"]
[SourceVersion "1"]
[SourceVersionDate "2023.10.19"]
[SourceQuality "1"]

1. Nf3 d5 2. g3 Nf6 3. Bg2 c5 4. 0-0 g6 5. d3 Nc6 6. Nbd2 Bg7 7. e4 0-0 8. c3 d4 9. cxd4 cxd4 10. a4 Nd7 11. b3 Nc5 12. Nc4 Nb4 13. Ba3 Nbxd3 14. Qc2 a5 15. Nb2 Nxb2 16. Bxc5 d3 17. Qd2 Bg4 18. Rac1 Rc8 19. Ba3 Rc2 20. Rxc2 dxc2 21. Qxc2 Qd3 1/2-1/2

[Event "WC-2022-S-00006"]
[Site "LSS email"]
[Date "2022.06.21"]
[Round "?"]
[White "Bendig, Frank"]
[Black "Koronowski, Juergen"]
[Result "1/2-1/2"]
[WhiteElo "2108"]
[BlackElo "2026"]
[PlyCount "63"]
[EventDate "2022.06.21"]
[EventType "tourn (corr)"]
[EventRounds "12"]
[EventCountry "GER"]
[SourceTitle "Corr 2024"]
[Source "ChessBase"]
[SourceDate "2023.10.19"]
[SourceVersion "1"]
[SourceVersionDate "2023.10.19"]
[SourceQuality "1"]

1. Nf3 Nf6 2. c4 g6 3. g3 Bg7 4. Bg2 0-0 5. 0-0 c5 6. d4 cxd4 7. Nxd4 d5 8. cxd5 Nxd5 9. Nc3 Nxc3 10. bxc3 Nc6 11. Nxc6 bxc6 12. Qxd8 Rxd8 13. Bxc6 Bxc3 14. Rb1 Bh3 15. Bxa8 Bxf1 16. Kxf1 Rxa8 17. Rb7 e6 18. a4 h5 19. Bf4 a5 20. Bc7 Kg7 21. f4 h4 22. Rb5 hxg3 23. hxg3 f5 24. Kg2 Kf6 25. g4 fxg4 26. Kg3 Rc8 27. Bxa5 Bxa5 28. Rxa5 Rc2 29. Re5 Ra2 30. a5 g5 31. Rxg5 Rxe2 32. Kxg4 1/2-1/2

[Event "WC-2019-S-00006"]
[Site "LSS email"]
[Date "2019.08.28"]
[Round "?"]
[White "Bendig, Frank"]
[Black "Lombart, Philippe"]
[Result "1-0"]
[WhiteElo "2069"]
[BlackElo "2022"]
[PlyCount "101"]
[EventDate "2019.09.01"]
[EventType "tourn (corr)"]
[EventRounds "12"]
[EventCountry "GER"]
[SourceTitle "Corr 2024"]
[Source "ChessBase"]
[SourceDate "2023.10.19"]
[SourceVersion "1"]
[SourceVersionDate "2023.10.19"]
[SourceQuality "1"]

1. b3 e5 2. Bb2 d6 3. g3 g6 4. d4 Bg7 5. dxe5 Bxe5 6. Nc3 Ne7 7. Qd2 a5 8. h4 a4 9. Nf3 a3 10. Nxe5 axb2 11. Rd1 d5 12. Nd3 c6 13. Bg2 Bg4 14. a4 Nd7 15. Nxb2 0-0 16. Qf4 Bf5 17. Rd2 Re8 18. 0-0 Nf6 19. e4 Qa5 20. exf5 Qxc3 21. Nd1 Qa5 22. fxg6 Nxg6 23. Qd4 Re6 24. Rd3 Qa7 25. Ne3 Ne5 26. Rdd1 Qxd4 27. Rxd4 Ned7 28. Bh3 Ree8 29. Re1 Kf8 30. Kf1 Nc5 31. Nf5 Nfe4 32. Re3 Ne6 33. Rd1 Red8 34. Kg2 Nd6 35. Rde1 Ne4 36. f3 N4c5 37. Nh6 Re8 38. Re5 Nd7 39. Rf5 f6 40. Kf2 b6 41. Re2 Ra7 42. Ng4 Ng7 43. Rxe8+ Nxe8 44. Rf4 Rb7 45. Ne3 Ne5 46. h5 Nf7 47. Bf5 h6 48. Bg6 Nfd6 49. Bxe8 Nxe8 50. Nf5 Rh7 51. Rb4 1-0

[Event "WC-2019-S-00006"]
[Site "LSS email"]
[Date "2019.08.28"]
[Round "?"]
[White "Bendig, Frank"]
[Black "Pilgram, Kurt"]
[Result "1/2-1/2"]
[WhiteElo "2069"]
[BlackElo "2154"]
[PlyCount "139"]
[EventDate "2019.09.01"]
[EventType "tourn (corr)"]
[EventRounds "12"]
[EventCountry "GER"]
[SourceTitle "Corr 2024"]
[Source "ChessBase"]
[SourceDate "2023.10.19"]
[SourceVersion "1"]
[SourceVersionDate "2023.10.19"]
[SourceQuality "1"]

1. b3 d5 2. Bb2 Nf6 3. Nf3 Bg4 4. g3 Bh5 5. Bg2 Nbd7 6. c4 e6 7. 0-0 c6 8. d3 Be7 9. cxd5 cxd5 10. Nc3 0-0 11. Qd2 Qb6 12. Rfc1 h6 13. Na4 Qa6 14. Rc2 Rfe8 15. Rac1 Rad8 16. e3 b6 17. Nd4 Rc8 18. Bf1 Bg6 19. Rxc8 Rxc8 20. Rxc8+ Qxc8 21. Nc3 Qa6 22. Bg2 Bxd3 23. Nc6 Bf8 24. a4 Ne4 25. Nxe4 dxe4 26. h4 b5 27. Nb4 Qa5 28. Bc3 Bxb4 29. Bxb4 Qa6 30. axb5 Qxb5 31. Qc3 Kh7 32. Qd4 Nf6 33. Be7 Qxb3 34. Bxf6 gxf6 35. Qxf6 Qd1+ 36. Kh2 Qh5 37. Qe7 a6 38. Qb7 Qg6 39. Kg1 Kg7 40. Qc6 Kg8 41. Qc3 Qf5 42. Qc8+ Kg7 43. Qc3+ Kh7 44. Qc7 Kg8 45. Qc3 Qg6 46. Qe5 Qf5 47. Qc3 Be2 48. Qc7 a5 49. Qc8+ Kh7 50. Qc7 Kg8 51. Qc8+ Kg7 52. Qc3+ Kg6 53. Qh8 Bf3 54. Qg8+ Kf6 55. Qh8+ Ke7 56. Qb2 Qd5 57. Qa3+ Kf6 58. Qf8 a4 59. Bxf3 exf3 60. Kh2 Qb5 61. e4 Qb6 62. Qxh6+ Ke7 63. Qg5+ Kf8 64. Qd2 a3 65. h5 Qc5 66. h6 Kg8 67. e5 Qxe5 68. Qd8+ Kh7 69. Qd3+ Kxh6 70. Qxa3 1/2-1/2

[Event "BdF-Diamant 10 email"]
[Site "GER email"]
[Date "2019.06.19"]
[Round "?"]
[White "Bendig, Frank"]
[Black "Hohlbein, Michael"]
[Result "1/2-1/2"]
[WhiteElo "2309"]
[BlackElo "2303"]
[PlyCount "51"]
[EventDate "2019.??.??"]
[EventType "tourn (corr)"]
[EventRounds "10"]
[EventCountry "GER"]
[SourceTitle "Corr 2022"]
[Source "ChessBase"]
[SourceDate "2021.10.24"]
[SourceVersion "1"]
[SourceVersionDate "2021.10.24"]
[SourceQuality "1"]

1. d4 Nf6 2. Bg5 Ne4 3. Bf4 d5 4. e3 c5 5. Bd3 Nf6 6. c3 Nc6 7. Nd2 Bg4 8. Ngf3 e6 9. Qb3 Qc8 10. c4 cxd4 11. Nxd4 e5 12. Nxc6 exf4 13. Nd4 fxe3 14. fxe3 Bc5 15. cxd5 0-0 16. 0-0 Qd8 17. Ne4 Nxe4 18. Bxe4 Qb6 19. Qc3 Rae8 20. Rf4 Bc8 21. Bc2 Bd6 22. Rf3 Bg4 23. Rf2 Bd7 24. Rd1 Re7 25. Bf5 Rfe8 26. Bxd7 1/2-1/2

[Event "BdF-Diamant 10 email"]
[Site "GER email"]
[Date "2019.06.19"]
[Round "?"]
[White "Kaan, J E F"]
[Black "Bendig, Frank"]
[Result "1-0"]
[WhiteElo "2300"]
[BlackElo "2309"]
[PlyCount "93"]
[EventDate "2019.??.??"]
[EventType "tourn (corr)"]
[EventRounds "10"]
[EventCountry "GER"]
[SourceTitle "Corr 2022"]
[Source "ChessBase"]
[SourceDate "2021.10.24"]
[SourceVersion "1"]
[SourceVersionDate "2021.10.24"]
[SourceQuality "1"]

1. c4 b6 2. d4 e6 3. e4 Bb7 4. Bd3 f5 5. exf5 Bb4+ 6. Kf1 Nf6 7. Qb3 c5 8. h4 Qe7 9. a3 Ba5 10. dxc5 0-0 11. Qa4 Qxc5 12. Nf3 Ng4 13. Qc2 Na6 14. Qe2 exf5 15. b4 Qd6 16. Nc3 Nc5 17. Bc2 Rae8 18. Qd1 Qb8 19. h5 Ne4 20. Qd4 Nexf2 21. Bf4 Qa8 22. Rh4 Bxf3 23. gxf3 Qxf3 24. Qd5+ Qxd5 25. Nxd5 b5 26. bxa5 bxc4 27. Bd6 Rf7 28. Re1 Ne4 29. Ne7+ Rfxe7 30. Bxe7 d5 31. Bxe4 dxe4 32. Bb4 Kf7 33. Ke2 Rc8 34. Rg1 Nf6 35. Kd2 Rc6 36. Rg5 g6 37. hxg6+ hxg6 38. Rg1 Kg7 39. Bc3 Rc7 40. Kc2 Rc8 41. Rb1 g5 42. Rb7+ Kg6 43. Rh1 Ra8 44. Rd1 Ne8 45. Re7 Kh5 46. Rh1+ Kg4 47. Rh8 1-0

[Event "BdF-Diamant 10 email"]
[Site "GER email"]
[Date "2019.06.19"]
[Round "?"]
[White "Koestner, Wolfgang"]
[Black "Bendig, Frank"]
[Result "1-0"]
[WhiteElo "2314"]
[BlackElo "2309"]
[PlyCount "95"]
[EventDate "2019.??.??"]
[EventType "tourn (corr)"]
[EventRounds "10"]
[EventCountry "GER"]
[SourceTitle "Corr 2022"]
[Source "ChessBase"]
[SourceDate "2021.10.24"]
[SourceVersion "1"]
[SourceVersionDate "2021.10.24"]
[SourceQuality "1"]

1. Nf3 g6 2. d4 Bg7 3. c4 c5 4. e4 Qa5+ 5. Nc3 Nc6 6. d5 Nd4 7. Bd2 d6 8. Nxd4 cxd4 9. Nb5 Qd8 10. Bb4 Nf6 11. e5 Ne4 12. Qxd4 f5 13. exf6 Nxf6 14. Be2 a6 15. Na3 0-0 16. 0-0 Nh5 17. Qd2 Nf4 18. Rae1 Rf7 19. Ba5 Qd7 20. Bd1 b5 21. Bc3 Bh6 22. Kh1 Rb8 23. cxb5 axb5 24. Nc2 b4 25. Nxb4 Rxb4 26. Bxb4 Ba6 27. a4 Qb7 28. Bc3 e5 29. Qc2 Bxf1 30. Rxf1 Qxd5 31. Bf3 Qc4 32. Rc1 Rc7 33. h3 Bg5 34. Re1 d5 35. Rxe5 Bf6 36. Qd1 Bxe5 37. Bxe5 Re7 38. Bd6 Nd3 39. Kh2 Re1 40. Qd2 Qd4 41. Qc2 h5 42. Be2 Nxf2 43. Qxg6+ Kh8 44. Qe8+ Kh7 45. Qxh5+ Kg8 46. Be5 Ng4+ 47. hxg4 Qg1+ 48. Kg3 1-0

[Event "GER rap18 FSM/V01 email"]
[Site "GER email"]
[Date "2018.10.23"]
[Round "?"]
[White "Bendig, Frank"]
[Black "Schelberg, Martin"]
[Result "1/2-1/2"]
[WhiteElo "2069"]
[BlackElo "1570"]
[PlyCount "92"]
[EventDate "2018.11.01"]
[EventType "tourn (corr)"]
[EventRounds "4"]
[EventCountry "GER"]
[SourceTitle "Corr 2022"]
[Source "ChessBase"]
[SourceDate "2021.10.24"]
[SourceVersion "1"]
[SourceVersionDate "2021.10.24"]
[SourceQuality "1"]

1. b3 e5 2. Bb2 Nc6 3. e3 a6 4. Nf3 e4 5. Nd4 Nxd4 6. Bxd4 d5 7. c4 c5 8. Bb2 d4 9. d3 dxe3 10. fxe3 Nf6 11. Nc3 Bd6 12. Qc2 exd3 13. Bxd3 Qe7 14. Ne4 Nxe4 15. Bxe4 f6 16. 0-0 Be6 17. Rab1 Qc7 18. h3 0-0-0 19. Bxh7 Kb8 20. Bc3 Bf7 21. Rbd1 Qe7 22. e4 Bh5 23. Rd5 Bf7 24. Rd2 Bh5 25. Bf5 Be5 26. Bxe5+ fxe5 27. Rxd8+ Rxd8 28. Qf2 g6 29. Bg4 Bxg4 30. hxg4 Qd6 31. Qe3 Qd4 32. Rf3 b5 33. Kf2 bxc4 34. bxc4 Qxc4 35. Kg3 Kc8 36. Kh4 Qd4 37. Qa3 Rd6 38. Rf8+ Kd7 39. Qa5 Ke7 40. Rf3 Rc6 41. Qe1 Rf6 42. g5 Rxf3 43. gxf3 Kd6 44. Kg3 Kc6 45. Qa5 Kb7 46. Kg2 Qb2+ 1/2-1/2

[Event "GER rap18 FSM/V01 email"]
[Site "GER email"]
[Date "2018.10.23"]
[Round "?"]
[White "Wilshusen, Horst"]
[Black "Bendig, Frank"]
[Result "0-1"]
[WhiteElo "1529"]
[BlackElo "2069"]
[PlyCount "62"]
[EventDate "2018.11.01"]
[EventType "tourn (corr)"]
[EventRounds "4"]
[EventCountry "GER"]
[SourceTitle "Corr 2020"]
[Source "ChessBase"]
[SourceDate "2019.09.30"]
[SourceVersion "1"]
[SourceVersionDate "2019.09.30"]
[SourceQuality "1"]

1. Nf3 Nf6 2. b3 d5 3. Bb2 Bg4 4. Ne5 Bh5 5. g3 Nbd7 6. Bg2 e6 7. c4 Nxe5 8. Bxe5 c6 9. 0-0 Bc5 10. d4 Be7 11. Nc3 0-0 12. Qc1 Rc8 13. e4 Nxe4 14. Nxe4 dxe4 15. Qc3 g5 16. g4 Bxg4 17. Bxe4 f6 18. Bg3 f5 19. Bg2 f4 20. f3 Bf5 21. Bf2 Bf6 22. c5 Kh8 23. Rad1 Rg8 24. Kh1 Qc7 25. Rg1 Qf7 26. Qd2 Rcd8 27. Bf1 Qh5 28. Bc4 Qxf3+ 29. Rg2 Be4 30. Bg1 Rge8 31. Qf2 Qxd1 0-1

[Event "CP-2018-P-00007"]
[Site "LSS email"]
[Date "2018.09.27"]
[Round "?"]
[White "Andreas, Daniel"]
[Black "Bendig, Frank"]
[Result "0-1"]
[WhiteElo "1174"]
[BlackElo "2075"]
[PlyCount "34"]
[EventDate "2018.10.01"]
[EventType "tourn (corr)"]
[EventRounds "6"]
[EventCountry "GER"]
[SourceTitle "Corr 2022"]
[Source "ChessBase"]
[SourceDate "2021.10.24"]
[SourceVersion "1"]
[SourceVersionDate "2021.10.24"]
[SourceQuality "1"]

1. e4 g6 2. d4 Bg7 3. Nf3 d6 4. Be2 Nd7 5. 0-0 e6 6. c3 Ne7 7. Nbd2 0-0 8. h3 b6 9. Nc4 Bb7 10. Qc2 d5 11. exd5 exd5 12. Nce5 Nxe5 13. Nxe5 c5 14. Bf4 Nc6 15. Nxc6 Bxc6 16. dxc5 bxc5 17. Bf3 Rc8 0-1

[Event "CP-2018-P-00007"]
[Site "LSS email"]
[Date "2018.09.27"]
[Round "?"]
[White "Roques, Pascal"]
[Black "Bendig, Frank"]
[Result "1-0"]
[WhiteElo "2353"]
[BlackElo "2075"]
[PlyCount "71"]
[EventDate "2018.10.01"]
[EventType "tourn (corr)"]
[EventRounds "6"]
[EventCountry "GER"]
[SourceTitle "Corr 2022"]
[Source "ChessBase"]
[SourceDate "2021.10.24"]
[SourceVersion "1"]
[SourceVersionDate "2021.10.24"]
[SourceQuality "1"]

1. e4 g6 2. d4 Bg7 3. Be3 d6 4. Nc3 c6 5. Qd2 b5 6. Bd3 Nd7 7. Nf3 Ngf6 8. Bh6 0-0 9. a4 b4 10. Ne2 a5 11. Bxg7 Kxg7 12. h4 h5 13. Ng3 d5 14. e5 Nh7 15. Ng5 Rh8 16. e6 Nxg5 17. Qxg5 Nf6 18. exf7 Ne4 19. Nxe4 dxe4 20. Qe5+ Kxf7 21. Bc4+ e6 22. 0-0-0 Rf8 23. Rh3 Bd7 24. Rg3 Qf6 25. Qxe4 Kg7 26. Rf3 Qe7 27. d5 cxd5 28. Rxd5 Bc6 29. Qe5+ Kh6 30. Rd6 Rxf3 31. gxf3 Qxh4 32. Rxc6 Qh1+ 33. Kd2 Rd8+ 34. Bd3 Qxf3 35. Qe3+ Qxe3+ 36. Kxe3 1-0

[Event "WC-2018-S-00005"]
[Site "LSS email"]
[Date "2018.07.11"]
[Round "?"]
[White "Bendig, Frank"]
[Black "Wittal, Werner"]
[Result "1/2-1/2"]
[WhiteElo "2067"]
[BlackElo "1951"]
[PlyCount "66"]
[EventDate "2018.07.15"]
[EventType "tourn (corr)"]
[EventRounds "12"]
[EventCountry "GER"]
[SourceTitle "Corr 2024"]
[Source "ChessBase"]
[SourceDate "2023.10.19"]
[SourceVersion "1"]
[SourceVersionDate "2023.10.19"]
[SourceQuality "1"]

1. Nf3 d5 2. g3 Nf6 3. Bg2 c6 4. 0-0 Bg4 5. c4 e6 6. cxd5 cxd5 7. Qb3 Bxf3 8. Bxf3 Qd7 9. d4 Nc6 10. Qd3 Be7 11. Bf4 0-0 12. Nc3 h6 13. Rac1 Rac8 14. h4 Bd6 15. Bxd6 Qxd6 16. Rfd1 a6 17. Kg2 Qb4 18. Rc2 Rfd8 19. e3 Ne8 20. Rdc1 Nd6 21. Be2 Na5 22. b3 Nc6 23. Qd1 Qa3 24. Nb1 Qa5 25. a3 Ne7 26. Rc5 Rxc5 27. Rxc5 Qb6 28. Nc3 Qa7 29. Na2 Ne4 30. Rc1 Qb6 31. Nc3 Nxc3 32. Rxc3 Rc8 33. Rxc8+ Nxc8 1/2-1/2

[Event "BdF-Diamant 09 email"]
[Site "GER email"]
[Date "2018.06.19"]
[Round "?"]
[White "Bendig, Frank"]
[Black "Kostanjsek, Zorko"]
[Result "0-1"]
[WhiteElo "2322"]
[BlackElo "2312"]
[PlyCount "135"]
[EventDate "2018.??.??"]
[EventType "tourn (corr)"]
[EventRounds "10"]
[EventCountry "GER"]
[SourceTitle "Corr 2020"]
[Source "ChessBase"]
[SourceDate "2019.09.30"]
[SourceVersion "1"]
[SourceVersionDate "2019.09.30"]
[SourceQuality "1"]

1. b3 e5 2. Bb2 Nc6 3. e3 Nf6 4. c4 d5 5. cxd5 Nxd5 6. a3 Bd6 7. Qc2 Qg5 8. Nf3 Qg6 9. d3 0-0 10. Nbd2 Be6 11. g3 Rad8 12. Bg2 Ndb4 13. axb4 Nxb4 14. Qb1 Nxd3+ 15. Kf1 e4 16. Nh4 Qh5 17. Bxe4 Nxb2 18. Kg2 Be7 19. Qxb2 Bxh4 20. gxh4 Rxd2 21. Qxd2 Qg4+ 22. Kf1 Qxe4 23. Rg1 Qxh4 24. Qd4 Qxd4 25. exd4 Bxb3 26. Rxa7 Rb8 27. Ke2 Bd5 28. Kd2 c6 29. Kc3 g6 30. Re1 Kg7 31. Re5 Kf6 32. Kb4 Bg2 33. Ra2 Rd8 34. Kc5 b6+ 35. Kxb6 Rxd4 36. Rea5 Bd5 37. R5a4 Rd1 38. Rb2 h5 39. Rh4 Kg7 40. Kc5 Rh1 41. Kd4 Ra1 42. Kc5 Ra3 43. Rc2 Rf3 44. Rd2 Kh6 45. Rhd4 g5 46. R4d3 Rf6 47. Kb6 h4 48. Kc5 Kg6 49. Kb4 g4 50. Rc3 Kg5 51. Kc5 Rf4 52. Kd6 Ra4 53. Re3 Be4 54. Rb2 Kf4 55. Ke7 f5 56. Rc3 Ra1 57. Kf6 Rh1 58. Rb4 h3 59. Rc5 Kf3 60. Rxf5+ Bxf5 61. Kxf5 Rxh2 62. Rb3+ Kxf2 63. Kxg4 Rg2+ 64. Kxh3 Rg5 65. Kh4 Rb5 66. Rh3 Rd5 67. Kg4 c5 68. Kf4 0-1

[Event "BdF-Diamant 09 email"]
[Site "GER email"]
[Date "2018.06.19"]
[Round "?"]
[White "Bendig, Frank"]
[Black "Wichert, Gerd"]
[Result "1/2-1/2"]
[WhiteElo "2322"]
[BlackElo "2302"]
[PlyCount "121"]
[EventDate "2018.??.??"]
[EventType "tourn (corr)"]
[EventRounds "10"]
[EventCountry "GER"]
[SourceTitle "Corr 2020"]
[Source "ChessBase"]
[SourceDate "2019.09.30"]
[SourceVersion "1"]
[SourceVersionDate "2019.09.30"]
[SourceQuality "1"]

1. b3 e5 2. Bb2 Nc6 3. e3 Nf6 4. c4 d5 5. cxd5 Nxd5 6. a3 g6 7. d3 Bg7 8. Qc2 0-0 9. Nd2 Bg4 10. Rc1 Re8 11. Ne4 a6 12. h3 Bc8 13. g4 f5 14. gxf5 gxf5 15. Nd2 Be6 16. Ngf3 Kh8 17. b4 f4 18. e4 Nb6 19. Be2 Qd6 20. h4 Rad8 21. Nb3 Nd7 22. Nc5 Nxc5 23. Qxc5 Bf7 24. Qxd6 cxd6 25. Ng5 Bb3 26. Bg4 h6 27. Nf3 Bf6 28. Ke2 Rg8 29. Ng5 Rge8 30. Rcg1 Re7 31. Bf5 Rg8 32. Rb1 Rgg7 33. Nh3 Ref7 34. Bc3 Bc2 35. Rbc1 Bb3 36. Ng5 Re7 37. Rb1 Ba2 38. Rb2 Bg8 39. b5 axb5 40. Rxb5 Re8 41. a4 Rc7 42. Kd2 Ra8 43. Ne6 Bxe6 44. Bxe6 Rxa4 45. h5 Bg5 46. Bc4 f3+ 47. Kc2 Ra2+ 48. Bb2 Ra5 49. Rb6 Ra8 50. Bc3 Rf8 51. Rb2 Nd4+ 52. Bxd4 exd4 53. Kb1 Be3 54. Bd5 Kg7 55. Rf1 Bg5 56. Rb6 Bf4 57. Rg1+ Kh8 58. Rf1 Be5 59. Ka2 Ra8+ 60. Kb2 Rb8 61. Ka2 1/2-1/2

[Event "BdF-Diamant 09 email"]
[Site "GER email"]
[Date "2018.06.19"]
[Round "?"]
[White "Rivas Maceda, Jorge"]
[Black "Bendig, Frank"]
[Result "1-0"]
[WhiteElo "2302"]
[BlackElo "2322"]
[PlyCount "139"]
[EventDate "2018.??.??"]
[EventType "tourn (corr)"]
[EventRounds "10"]
[EventCountry "GER"]
[SourceTitle "Corr 2022"]
[Source "ChessBase"]
[SourceDate "2021.10.24"]
[SourceVersion "1"]
[SourceVersionDate "2021.10.24"]
[SourceQuality "1"]

1. d4 g6 2. Nf3 d6 3. c4 Bg7 4. e4 Bg4 5. Be2 Nc6 6. Be3 e5 7. d5 Bxf3 8. Bxf3 Nd4 9. Nc3 c5 10. dxc6 bxc6 11. Rc1 Rb8 12. b3 c5 13. 0-0 Ne7 14. g3 Nec6 15. Bg2 0-0 16. Rb1 Qa5 17. Na4 Qd8 18. Rb2 Qd7 19. Kh1 Rfe8 20. Rd2 Rec8 21. f3 Rf8 22. Nc3 Rbd8 23. Rdf2 Nb4 24. Rd2 Nbc6 25. f4 exf4 26. Bxf4 Rb8 27. Be3 a5 28. Rd3 Qe6 29. Rd2 Be5 30. Bh6 Bg7 31. Bf4 Qd7 32. Be3 Rfe8 33. Nb5 Rf8 34. Bf4 Nxb5 35. cxb5 Nd4 36. a4 Qe6 37. Rd3 Ra8 38. Re1 Rfe8 39. Bf1 Qe7 40. Bd2 Qa7 41. Rc3 Qb7 42. Bg2 Qc8 43. Bf1 Qb7 44. Qb1 Re5 45. Bg2 Rae8 46. Rcc1 Qc7 47. b4 axb4 48. Qxb4 Rh5 49. Qc4 Be5 50. Re3 Rb8 51. Kg1 Qd7 52. Rf1 g5 53. Ree1 Kg7 54. Rf2 f6 55. Rb1 Qg4 56. b6 f5 57. Qd3 f4 58. Bf3 Nxf3+ 59. Qxf3 Rh4 60. Bc3 fxg3 61. Bxe5+ dxe5 62. Qf6+ Kg8 63. Rf5 gxh2+ 64. Kf2 Qf4+ 65. Rxf4 Rxf4+ 66. Qxf4 gxf4 67. Kg2 c4 68. a5 c3 69. Rc1 h1R 70. Kxh1 1-0

[Event "ZH-2017-0-01588"]
[Site "LSS email"]
[Date "2017.07.01"]
[Round "?"]
[White "Cirulis, Ilmars"]
[Black "Bendig, Frank"]
[Result "1-0"]
[WhiteElo "2179"]
[BlackElo "2190"]
[PlyCount "161"]
[EventDate "2017.06.21"]
[EventType "match (corr)"]
[EventRounds "2"]
[EventCountry "GER"]
[SourceTitle "Corr 2022"]
[Source "ChessBase"]
[SourceDate "2021.10.24"]
[SourceVersion "1"]
[SourceVersionDate "2021.10.24"]
[SourceQuality "1"]

1. b4 c6 2. Bb2 a5 3. b5 cxb5 4. a3 Na6 5. e4 b4 6. axb4 Nxb4 7. c3 Nc6 8. d4 Nf6 9. d5 Ne5 10. Qd4 d6 11. f4 Ng6 12. e5 dxe5 13. fxe5 Nd7 14. e6 fxe6 15. dxe6 Nde5 16. Bb5+ Nc6 17. Nf3 Bxe6 18. Qe3 Bg4 19. Na3 e5 20. 0-0 Bxf3 21. Rxf3 Be7 22. Kh1 Rf8 23. Nc4 Rf6 24. Rff1 Rxf1+ 25. Rxf1 Qc7 26. Nb6 Rd8 27. c4 Qd6 28. Nd5 Nf4 29. Qf3 Rd7 30. Nb6 Rd8 31. g3 Qd3 32. Bxc6+ bxc6 33. Qxc6+ Kf7 34. Qg2 Rb8 35. c5 Bxc5 36. Na4 Bf8 37. gxf4 e4 38. Rg1 g6 39. f5 g5 40. Nc3 Bc5 41. Re1 Rxb2 42. Qxb2 Qf3+ 43. Qg2 Qxc3 44. Qxe4 Qd4 45. Qe6+ Kg7 46. Qe5+ Kf7 47. Qc7+ Kg8 48. Re8+ Bf8 49. Qd8 Qg7 50. Kg2 Qb7+ 51. Kf2 Qb2+ 52. Kf3 Qb7+ 53. Re4 g4+ 54. Kf4 a4 55. Ke5 Kf7 56. Qf6+ Kg8 57. Qe6+ Kh8 58. Qe8 Qb2+ 59. Ke6 Qa2+ 60. Kf6 Qb2+ 61. Kg5 Qg7+ 62. Kh4 a3 63. Qe5 h6 64. f6 Qg8 65. Rxg4 Qf7 66. Qf5 a2 67. Ra4 Qc7 68. h3 Qc3 69. Ra8 Qd4+ 70. Kh5 Qd6 71. Rxa2 Qd1+ 72. Kh4 Qd4+ 73. Kg3 Qg1+ 74. Rg2 Bd6+ 75. Kf3 Qd1+ 76. Re2 Qf1+ 77. Rf2 Qd1+ 78. Kg2 Bf8 79. Kg3 Kg8 80. Kh4 Kf7 81. Qh7+ 1-0

[Event "WC-2017-S-00006"]
[Site "LSS email"]
[Date "2017.05.17"]
[Round "?"]
[White "Bendig, Frank"]
[Black "Koch, Christian"]
[Result "0-1"]
[WhiteElo "2190"]
[BlackElo "2225"]
[PlyCount "132"]
[EventDate "2017.06.01"]
[EventType "tourn (corr)"]
[EventRounds "12"]
[EventCountry "GER"]
[SourceTitle "Corr 2024"]
[Source "ChessBase"]
[SourceDate "2023.10.19"]
[SourceVersion "1"]
[SourceVersionDate "2023.10.19"]
[SourceQuality "1"]

1. g3 d5 2. Bg2 e5 3. Nf3 e4 4. Nd4 c5 5. Nb3 c4 6. Nd4 Bc5 7. c3 Nf6 8. d3 cxd3 9. exd3 Nc6 10. dxe4 dxe4 11. Be3 Bg4 12. Qa4 Bxd4 13. cxd4 0-0 14. Nc3 Re8 15. 0-0 a6 16. d5 b5 17. Qa3 Ne5 18. Nxe4 Nxe4 19. Bxe4 Qd7 20. Rfe1 Nf3+ 21. Bxf3 Bxf3 22. Qd3 Be4 23. Qf1 Qxd5 24. b3 Qf5 25. h4 Rac8 26. Kh2 Rc2 27. Rec1 Rec8 28. Rxc2 Rxc2 29. Rd1 h6 30. Rd8+ Kh7 31. Rd2 Rxd2 32. Bxd2 Qf3 33. Be3 f6 34. Bd4 Kg8 35. Be3 Kf7 36. Bc5 g5 37. Bb6 Bd5 38. Bc7 Bb7 39. Bb8 Bc6 40. Bd6 a5 41. Bc7 a4 42. bxa4 bxa4 43. a3 Ke7 44. Bb6 Kf7 45. Bc7 Qd5 46. Bb8 f5 47. f3 Qd2+ 48. Kg1 Qe3+ 49. Kg2 Kg6 50. Qd1 Kh5 51. hxg5 hxg5 52. Qh1+ Kg6 53. Qd1 Qxa3 54. Qe2 Qb3 55. Kf2 a3 56. Be5 Bb5 57. Qd2 Qb1 58. Qe1 Qc2+ 59. Kg1 Be2 60. Bc3 a2 61. Ba1 f4 62. gxf4 gxf4 63. Kg2 Bb5+ 64. Qf2 Ba4 65. Qxc2+ Bxc2 66. Kf2 Bd1 0-1

[Event "WC-2017-S-00006"]
[Site "LSS email"]
[Date "2017.05.17"]
[Round "?"]
[White "Bendig, Frank"]
[Black "Kolanek, Roman"]
[Result "0-1"]
[WhiteElo "2190"]
[BlackElo "2195"]
[PlyCount "112"]
[EventDate "2017.06.01"]
[EventType "tourn (corr)"]
[EventRounds "12"]
[EventCountry "GER"]
[SourceTitle "Corr 2024"]
[Source "ChessBase"]
[SourceDate "2023.10.19"]
[SourceVersion "1"]
[SourceVersionDate "2023.10.19"]
[SourceQuality "1"]

1. g4 d5 2. h3 e5 3. Bg2 Nc6 4. d3 Be6 5. Nd2 h5 6. c3 hxg4 7. Qb3 Qd7 8. hxg4 Rxh1 9. Bxh1 0-0-0 10. g5 Be7 11. Nf1 f6 12. Qa4 a6 13. gxf6 gxf6 14. Bd2 Bc5 15. Nf3 Qg7 16. Ne3 Kb8 17. 0-0-0 Nge7 18. Rg1 Qf7 19. Kb1 Bb6 20. Ne1 f5 21. Nd1 e4 22. Qc2 Ng6 23. b3 Rg8 24. Bc1 Nh4 25. Rg3 f4 26. Rxg8+ Qxg8 27. dxe4 Qg1 28. Nd3 Qxh1 29. Nxf4 Bg8 30. Nxd5 Bxd5 31. exd5 Qxd5 32. f4 Ng2 33. Kb2 Ne7 34. a4 Qe6 35. Qd3 Qg4 36. Qe4 Nf5 37. Qe8+ Ka7 38. Qe4 Ngh4 39. Qd3 Ng3 40. e3 Qf3 41. b4 a5 42. bxa5 Bxa5 43. Qb5 b6 44. Qd7 Kb7 45. Qd3 Ng2 46. Qc2 Kc8 47. Qd2 Nf1 48. Qc2 Ne1 49. Qb3 Nd3+ 50. Kb1 Ng3 51. Qg8+ Kb7 52. Qb3 Nc5 53. Qc2 Nge4 54. Ka1 Qh1 55. Kb1 Qf1 56. c4 Bb4 0-1

[Event "WC-2017-S-00006"]
[Site "LSS email"]
[Date "2017.05.17"]
[Round "?"]
[White "Bendig, Frank"]
[Black "Mroczek, Jacek"]
[Result "1/2-1/2"]
[WhiteElo "2190"]
[BlackElo "2227"]
[PlyCount "28"]
[EventDate "2017.06.01"]
[EventType "tourn (corr)"]
[EventRounds "12"]
[EventCountry "GER"]
[SourceTitle "Corr 2024"]
[Source "ChessBase"]
[SourceDate "2023.10.19"]
[SourceVersion "1"]
[SourceVersionDate "2023.10.19"]
[SourceQuality "1"]

1. g3 Nf6 2. Bg2 g6 3. e4 d6 4. d4 Bg7 5. Ne2 0-0 6. 0-0 e5 7. Nbc3 Nbd7 8. a4 a5 9. h3 exd4 10. Nxd4 Nc5 11. Re1 Re8 12. Bf4 Nh5 13. Be3 Nf6 14. Bf4 Nh5 1/2-1/2

[Event "WC-2017-S-00006"]
[Site "LSS email"]
[Date "2017.05.17"]
[Round "?"]
[White "Bulgarini Torres, Marco"]
[Black "Bendig, Frank"]
[Result "0-1"]
[WhiteElo "2192"]
[BlackElo "2190"]
[PlyCount "58"]
[EventDate "2017.06.01"]
[EventType "tourn (corr)"]
[EventRounds "12"]
[EventCountry "GER"]
[SourceTitle "Corr 2024"]
[Source "ChessBase"]
[SourceDate "2023.10.19"]
[SourceVersion "1"]
[SourceVersionDate "2023.10.19"]
[SourceQuality "1"]

1. e4 e6 2. d4 d5 3. Nc3 a6 4. Nf3 Nf6 5. Bd3 c5 6. exd5 exd5 7. Bg5 c4 8. Bxf6 gxf6 9. Be2 Be6 10. 0-0 Bg7 11. Qd2 0-0 12. b3 b5 13. bxc4 bxc4 14. Na4 Nd7 15. c3 f5 16. Ng5 Rb8 17. Bf3 Qa5 18. Qc2 Qc7 19. Rae1 Qd6 20. g3 Bh6 21. Nxe6 fxe6 22. Nc5 Nxc5 23. dxc5 Qd7 24. Qe2 Rfe8 25. Rd1 Qc7 26. Rb1 Bg7 27. Rb6 Rxb6 28. cxb6 Qd6 29. Qb2 Rb8 0-1